[Event "EU-ch U10"]
[Site "Prague"]
[Date "2024.08.24"]
[Round "3"]
[White "Gupta, Akul"]
[Black "Kolodziejczyk, Boris"]
[Result "0-1"]
[WhiteElo "1853"]
[BlackElo "1983"]
[PlyCount "50"]
[EventDate "2024.08.22"]
[EventType "swiss"]
[EventRounds "9"]
[EventCountry "CZE"]
[SourceTitle "CBM 221 Extra"]
[Source "ChessBase"]
[SourceDate "2024.09.30"]
[SourceVersion "1"]
[SourceVersionDate "2024.09.30"]
[SourceQuality "1"]

1. e4 Nf6 2. e5 Nd5 3. d4 d6 4. c4 Nb6 5. f4 dxe5 6. fxe5 c5 7. d5 g6 8. Nf3 Bg7 9. Be2 Bg4 10. Ng5 Bf5 11. 0-0 0-0 12. Rxf5 gxf5 13. e6 Nc8 14. exf7+ Rxf7 15. Nxf7 Kxf7 16. Bd3 Nd6 17. Nc3 Kg8 18. Qe2 Nd7 19. Qe6+ Kh8 20. Bg5 Ne5 21. Bxe7 Qb6 22. Bxd6 Nxd3 23. Nd1 Bxb2 24. Nxb2 Qxb2 25. Re1 Qf2+ 0-1

[Event "Helmond Rapid op"]
[Site "Helmond"]
[Date "2024.06.15"]
[Round "3"]
[White "Gupta, Akul"]
[Black "Wieringa, Helmer"]
[Result "0-1"]
[WhiteElo "1761"]
[BlackElo "1901"]
[PlyCount "110"]
[EventDate "2024.06.15"]
[EventType "swiss (rapid)"]
[EventRounds "9"]
[EventCountry "NED"]
[SourceTitle "CBM 220 Extra"]
[Source "ChessBase"]
[SourceDate "2024.07.31"]
[SourceVersion "1"]
[SourceVersionDate "2024.07.31"]
[SourceQuality "1"]

1. d4 d5 2. Nc3 Nf6 3. Bf4 c6 4. e3 Bf5 5. Bd3 Bg6 6. Nf3 e6 7. 0-0 Qb6 8. Qd2 Nbd7 9. Ne5 Nxe5 10. Bxe5 Bxd3 11. cxd3 Nd7 12. Bg3 Be7 13. a3 a5 14. Rfb1 Qb3 15. Qd1 Qxd1+ 16. Rxd1 a4 17. e4 0-0 18. Re1 Rfe8 19. exd5 exd5 20. Re2 Bf6 21. Rae1 Rxe2 22. Nxe2 Nf8 23. f3 Ne6 24. Be5 Bxe5 25. dxe5 d4 26. f4 g6 27. Rc1 c5 28. g4 Rc8 29. f5 gxf5 30. gxf5 Ng5 31. Kf2 Kf8 32. h4 Nh3+ 33. Kg3 b6 34. Kxh3 Re8 35. e6 fxe6 36. Kg4 exf5+ 37. Kxf5 Rxe2 38. Rc4 Rxb2 39. Rxa4 b5 40. Ra8+ Ke7 41. Ra7+ Kd6 42. Rxh7 c4 43. dxc4 bxc4 44. Ke4 d3 45. Ke3 Re2+ 46. Kf3 c3 47. Rh6+ Kd5 48. Rh8 c2 49. Rd8+ Kc4 50. Rc8+ Kb3 51. h5 Re1 52. Rb8+ Ka2 53. Rc8 c1Q 54. Rxc1 Rxc1 55. Ke3 Rh1 0-1